Vista normal
Vista MARC
Entrada Personal Name
Número de registros utilizados en: 1
001 - CONTROL NUMBER
- control field: 10737
003 - CONTROL NUMBER IDENTIFIER
- control field: DLC
005 - DATE AND TIME OF LATEST TRANSACTION
- control field: 20200311103553.0
008 - FIXED-LENGTH DATA ELEMENTS
- fixed length control field: 130422n| azannaabn |n aaa c
010 ## - LIBRARY OF CONGRESS CONTROL NUMBER
- LC control number: no2013043560
035 ## - SYSTEM CONTROL NUMBER
- System control number: (OCoLC)oca09456119
040 ## - CATALOGING SOURCE
- Original cataloging agency: MX-MxUI
- Language of cataloging: spa
- Description conventions: rda
- Transcribing agency: Mx-PuUPA
- Modifying agency: DLC
- Modifying agency: Mx-PuUPA
046 ## - SPECIAL CODED DATES
- Birth date: 1977
100 1# - HEADING--PERSONAL NAME
- Personal name: Dehesa, Juana Inés,
- Dates associated with a name: 1977-
370 ## - ASSOCIATED PLACE
- Place of birth: Mexico City, Mexico
- Associated country: Mexico
- Other associated place: Boston, Mass.
- Source of information: Rebel doll, 2012.
372 ## - FIELD OF ACTIVITY
- Field of activity: Hispanic Literature
- Field of activity: Children's Literature
- Source of information: Rebel doll, 2012.
373 ## - ASSOCIATED GROUP
- Associated group: Universidad Nacional Autónoma de México
- Associated group: Simmons College, Boston, Mass.
- Source of information: Rebel doll, 2012.
374 ## - OCCUPATION
- Occupation: Writer
- Occupation: Translator
375 ## - GENDER
- Gender: woman
377 ## - ASSOCIATED LANGUAGE
- Language code: spa
670 ## - SOURCE DATA FOUND
- Source citation: Rebel doll, 2012 :
- Information found: t.p. (Juana Inés Dehesa) flap (b. in Mexico City in 1977, studied Hispanica Literature at UNAM and Children's Literature at Simmons College in Boston. Author and translator of several books).
670 ## - SOURCE DATA FOUND
- Source citation: Alicia, la piñata y una serie de problemas, 2016:
- Information found: t.p. (Juana Inés Dehesa) de portada
670 ## - SOURCE DATA FOUND
- Source citation: Biblioteca del congreso (Estados Unidos), 11 marzo 2020:
- Information found: Catálogo electrónico
- Uniform Resource Identifier: http://bit.ly/2xsczOZ